| 000 | 00824cab a2200253 4500 | ||
|---|---|---|---|
| 001 | WB2746-24 | ||
| 008 | 090401t1991 xxu||||| |||| 00| 0 eng d | ||
| 035 | _a(Sirsi) u50411 | ||
| 041 | _aeng | ||
| 245 | _aOffices in the future | ||
| 260 | _c1991 | ||
| 350 | _a0 | ||
| 490 |
_aFinancial Times _v22 November 1991, 16(2) |
||
| 520 | _aDEGW has published a study of trends in office accommodation, which highlights the discrepancy between what office workers would like and what they get. Working from home would be popular with 53% of those questioned by the Henley Centre. | ||
| 650 | _aDEGW | ||
| 650 | _aDESIGN | ||
| 650 | _aFUTURE | ||
| 650 | _aOFFICE BUILDINGS | ||
| 650 | _aOFFICES | ||
| 650 | _aWORKING FROM HOME | ||
| 690 | _aOFFICE SERVICES AND ADMINISTRATION | ||
| 942 | _n0 | ||
| 948 | _c04/03/1997 | ||
| 999 |
_c31458 _d31458 |
||